[Event "Dortmund SuperGM 33rd"]
[Site "Dortmund"]
[Date "2005.07.09"]
[Round "2"]
[White "Svidler, Peter"]
[Black "Nielsen, Peter Heine"]
[Result "1/2-1/2"]
[WhiteElo "2738"]
[BlackElo "2668"]
[Annotator "Huzman,A"]
[PlyCount "86"]
[EventDate "2005.07.07"]
[EventType "tourn"]
[EventRounds "9"]
[EventCountry "GER"]
[EventCategory "19"]
[SourceTitle "CBM 108"]
[Source "ChessBase"]
[SourceDate "2005.09.26"]
[SourceVersion "1"]
[SourceVersionDate "2005.09.26"]
[SourceQuality "1"]

1. e4 e5 2. Nf3 Nf6 3. Nxe5 d6 4. Nf3 Nxe4 5. d4 d5 6. Bd3 Nc6 7. O-O Be7 8.
Re1 Bg4 9. c3 f5 10. Qb3 O-O 11. Nbd2 Na5 12. Qc2 Nc6 13. b4 a6 14. a4 Bd6 15.
Ba3 Kh8 (15... Rf6 16. b5 (16. h3 Nxd2 17. Nxd2 Bxh3 18. gxh3 Rg6+ 19. Kf1 Qh4
20. Bxf5 $18 {1-0 Lastin,A-Slugin,S/Voronezh RUS 2005/(28)}) 16... Nxd2 17.
Qxd2 Bxf3 18. bxc6 Rg6 19. g3 bxc6 20. Bxd6 $1 (20. Bxf5 Rf6 21. Qd3 Bxa3 22.
Rxa3 Qf8 23. Bxh7+ Kh8 24. Ra2 Qf7 $17 {1/2-1/2 Morozevich,A-Shirov,A/Monaco
2002/CBM 87 ext (36)}) 20... cxd6 21. Bxf5 Rf6 22. Qd3 g6 23. Qxf3 Rxf5 24. Qe2
$14 {0-1 Morozevich,A-Karpov,A/Prague 2002/CBM 89/[Huzman] (97)}) (15... Qf6
16. b5 axb5 17. Bxd6 cxd6 18. axb5 Na5 19. b6 Rfc8 20. Qb2 {1/2-1/2 Amonatov,
F-Turov,M/St Petersburg RUS 2003/(20)}) 16. Qb2 (16. b5 axb5 17. Bxd6 cxd6 18.
axb5 (18. Bxb5 $5 Na5 19. Rac1 Rc8 20. Qb2 Qb6 21. Qb4 Bxf3 22. Nxf3 Rc7 23.
Rc2 Rfc8 24. Rec1 Nc4 25. Ne1 $14 {1-0 Santo Roman,M-Koch,J/Belfort FRA 2004/
(45)}) 18... Na5 19. h3 Bh5 20. Nh2 Rc8 21. Ra3 b6 22. Ndf1 f4 23. f3 (23. Bxe4
dxe4 24. Qxe4 Qg5 25. Nf3 Qxb5 $11 {1/2-1/2 Wittmann,W-Blauert,J/Budapest HUN
2005/(65)}) 23... Qh4 24. Re2 Ng3 25. Nxg3 fxg3 26. Nf1 Bxf3 27. gxf3 Rxf3 $44
{1/2-1/2 Ponomariov,R-Adams,M/Wijk aan Zee NED 2005/(41)}) 16... Re8 17. b5
axb5 18. Bxb5 $6 (18. axb5 $5 Na5 (18... Rxa3 19. Rxa3 Bxa3 20. Qxa3 Nb8 21.
Bxe4 fxe4 22. Ne5 Be6 23. Qa7 $36) (18... Ne7 19. Bxd6 cxd6 20. Rxa8 Qxa8 21.
Nh4 $16) 19. Bxd6 cxd6 20. b6 $14) 18... Qf6 (18... Bf4 $5 19. Bf1 Qf6 $15) 19.
Bxd6 cxd6 20. a5 $6 {[%csl Ra5][%cal Ga5a6] The pawn a5 becomes weak now and
it will be lost soon.} Reb8 $1 21. Ra4 Qd8 (21... Nxa5 22. Qa3 Qd8 23. Ra1 b6
24. Bc6 Ra7 25. Bxd5 $14) 22. Rea1 Nxa5 23. Qa3 Bxf3 24. Nxf3 Nc4 $1 {Black
returns his extra pawn back in time, forcing an advantageous endgame.} (24...
b6 25. Bc6 $14) 25. Bxc4 Rxa4 26. Qxa4 dxc4 27. Qxc4 Qc8 $1 28. Qf7 $8 (28.
Qxc8+ Rxc8 29. Rb1 Rxc3 $17) 28... Qxc3 29. Rf1 Qc8 (29... g6 30. h4 Qc8 31.
Ng5 $44) 30. Nh4 Qf8 $1 31. Qxf5 Qxf5 32. Nxf5 b5 $6 (32... g6 $1 33. Ne3 (33.
Ne7 Nc3 $17) 33... Nc3 $1 34. Ra1 b5 35. Kf1 b4 $17) 33. f3 Nc3 (33... Nd2 $5
34. Rf2 (34. Re1 b4 35. Nxd6 b3 36. Ne4 Nc4 37. Nc3 b2 $15) 34... Nc4 35. Rc2
g6 36. Ne7 Kg7 37. Nd5 $11) 34. Nxd6 Ne2+ (34... b4 35. Ne4 Ne2+ 36. Kf2 Nxd4
37. Rd1 $11) 35. Kf2 Nxd4 36. Ke3 Ne6 37. Rb1 b4 38. Ne4 g5 39. g3 Kg7 40. Kd3
Rd8+ 41. Ke3 Rb8 42. Kd3 Rd8+ 43. Ke3 Rb8 1/2-1/2

[Event "Dortmund SuperGM 33rd"]
[Site "Dortmund"]
[Date "2005.07.16"]
[Round "8"]
[White "Kramnik, Vladimir"]
[Black "Nielsen, Peter Heine"]
[Result "1-0"]
[WhiteElo "2744"]
[BlackElo "2668"]
[Annotator "Huzman,A"]
[PlyCount "101"]
[EventDate "2005.07.07"]
[EventType "tourn"]
[EventRounds "9"]
[EventCountry "GER"]
[EventCategory "19"]
[SourceTitle "CBM 108"]
[Source "ChessBase"]
[SourceDate "2005.09.26"]
[SourceVersion "1"]
[SourceVersionDate "2005.09.26"]
[SourceQuality "1"]

1. e4 e5 2. Nf3 Nf6 3. Nxe5 d6 4. Nf3 Nxe4 5. Nc3 Nxc3 6. dxc3 Be7 7. Bf4 Nc6
8. Qd2 Bg4 9. Be2 Qd7 10. O-O-O a6 11. Rhe1 O-O-O (11... O-O 12. h3 Bf5 13. g4
Bg6 14. Bd3 {1/2-1/2 Bengtsson,B-Andersson,J/Sweden 1998/EXT 2000 (14)}) 12. h3
Be6 13. c4 Kb8 (13... d5 14. Nd4 $1 Nxd4 15. Qxd4 Qa4 16. Kb1 $36 dxc4 $140 17.
Qa7 $18) (13... h6 14. Qc3 Bf6 15. Qa3 $36) 14. Qc3 Bf6 15. Qa3 $1 $36 {
[%cal Gc4c5] White starts to develop his initiative on the queen's side using
the better position of his pieces.} Qe7 16. Be3 h5 17. Kb1 {I think that White
lost an important tempo with this move.} (17. b4 $1 {[%cal Gb4b5]} Na7 (17...
d5 18. Bc5 Qe8 19. b5 $16) 18. b5 g5 19. bxa6 b6 20. Nd4 $16) 17... g5 $1 $132
{[%cal Yg5g4]} 18. b4 {[%mdl 4]} g4 19. Nd2 Nd4 20. Bd3 d5 $1 (20... Bg7 21. b5
Nf5 22. bxa6 Qf6 23. Nb3 $36) 21. c5 Bg7 {[%cal Ye7f6]} 22. hxg4 hxg4 23. Nb3
Nxb3 (23... Nc6 24. b5 axb5 25. Bxb5 $36) 24. axb3 c6 $2 (24... Qf6 $1 25. c6 (
25. b5 axb5 26. c6 (26. Bxb5 d4 27. Bc1 Qxf2) 26... bxc6 $17) 25... d4 26. Bc1
Bd5 27. cxb7 Bxb7 $132) 25. Bf4+ Ka7 (25... Kc8 26. Qa5 Bc3 27. Qb6 $1 Bxe1 28.
Bxa6 Kd7 29. Bd6 $18) 26. b5 cxb5 27. Bxb5 $40 Rc8 (27... Bc3 28. Bd6 Qg5 29.
c6 Bxe1 30. Bc5+ Kb8 31. Bb6 $1 $16) (27... d4 28. Bd6 Qg5 29. Bd3 $16) 28. Bd6
Qf6 29. Be5 $5 (29. c6 $1 Qa1+ 30. Qxa1 Bxa1 31. Kxa1 axb5 32. c7 $16) 29...
Qg5 30. Bxg7 Qxg7 31. c6 Qf8 32. b4 Qd6 (32... Rc7 $142 33. cxb7 (33. Rd4 Qd6
34. Kb2 $14) 33... Qd6 34. Rd4 Rxb7 35. Bd3 Rh2 $132) 33. Rd4 Rc7 34. Kb2 Rhc8
(34... Rh2 $1 35. Ra1 Kb8 36. Qa5 (36. cxb7 Qb6 $19) 36... Rxg2 37. Qb6 Rxc6
38. Bxc6 Qxc6 39. Qxc6 bxc6 40. Rf4 Kb7 $11) 35. c3 Rxc6 $2 (35... Kb8 36. cxb7
(36. Ra1 bxc6 37. Qxa6 Rb7 38. Qa8+ Kc7 39. Qa5+ Rb6 (39... Kd7 40. Ba6 Ra8 41.
Bxb7 Rxa5 42. bxa5 c5 43. Rd2 d4 $132)) 36... Kxb7 37. Ra1 Ra8 38. Bd3 $16) 36.
Bxc6 Rxc6 37. g3 $18 Rc4 38. Red1 Qe5 39. Qb3 Rxd4 40. Rxd4 Qe1 41. Qc2 b5 42.
Rd1 Qe5 43. Qd2 Kb7 44. Re1 Qf5 45. Qe3 Qf6 46. Rh1 Qf5 47. Rh8 Qf6 48. Re8 Bd7
49. Re7 Kc8 50. Qc5+ Kd8 51. Re2 1-0

[Event "Dortmund SuperGM 33rd"]
[Site "Dortmund"]
[Date "2005.07.14"]
[Round "6"]
[White "Naiditsch, Arkadij"]
[Black "Kramnik, Vladimir"]
[Result "1/2-1/2"]
[WhiteElo "2612"]
[BlackElo "2744"]
[Annotator "Huzman,A"]
[PlyCount "115"]
[EventDate "2005.07.07"]
[EventType "tourn"]
[EventRounds "9"]
[EventCountry "GER"]
[EventCategory "19"]
[SourceTitle "CBM 108"]
[Source "ChessBase"]
[SourceDate "2005.09.26"]
[SourceVersion "1"]
[SourceVersionDate "2005.09.26"]
[SourceQuality "1"]

1. e4 e5 2. Nf3 Nf6 3. Nxe5 d6 4. Nf3 Nxe4 5. Nc3 Nxc3 6. dxc3 Be7 7. Be3 Nc6
8. Qd2 O-O 9. O-O-O Ne5 10. Be2 (10. Nd4 c5 11. Nb5 Qa5 (11... Be6 12. Nxd6 (
12. c4 Qb6 13. b3 Rad8 (13... Rfd8 14. Nc3 Nc6 15. Nd5 Bxd5 16. cxd5 Nd4 17. c3
Rdc8 18. Kb2 Nb5 19. a4 a6 20. Be2 Bf6 21. axb5 axb5 22. Bg5 $16 {1-0 Escher,
T-Fochtler,E/Wuerttemberg 1996/EXT 99 (55)}) 14. Nc3 Ng4 15. Bf4 Rfe8 16. f3
Nf6 17. Nd5 Nxd5 18. cxd5 Bd7 19. Bd3 {1/2-1/2 Esquivel,L-Martello,J/
Chessfriend.com 2003/Telechess CBM 99 (19)}) 12... Qb6 13. b4 Bxd6 (13... Rfd8
$5) 14. Qxd6 Qxd6 15. Rxd6 cxb4 16. cxb4 Bxa2 17. Bf4 (17. Bd4 Rfe8 (17... f6
18. Bxe5 fxe5 19. Kb2 Bf7 20. Bd3 Rad8 21. Rxd8 Rxd8 22. Re1 $16 {1-0
Oleksienko,M-Smirnov,I/Lvov 2002/EXT 2003 (35)}) 18. Bxe5 (18. Bb5 $1) 18...
Rxe5 19. Bd3 Rd5 $11 {1/2-1/2 Rohl,J-Perea,O/Havana CUB 2004/(52)}) 17... f6
$10) 12. a3 (12. Kb1 a6 13. Na3 b5 $15 {1-0 Ivanez Rico-Lozano/cr E Mkl 1986 
(35)}) 12... a6 (12... Be6 13. Nxd6 Qb6 14. f4 $1 Ng4 15. f5 Qxd6 16. Qxd6 Bxd6
17. Rxd6 Nxe3 18. fxe6 fxe6 19. Bd3 $14 {1/2-1/2 Kramnik,V-Kasparov,G/New York
PCA-Intel GP 1995/EXP 47/[Vaisser] (66)}) (12... Rd8 13. Bg5 f6 14. Qd5+ Kf8
15. Bd2 Bd7 16. c4 Qb6 17. Qe4 $14 {1/2-1/2 Efimenko,Z-Savchenko,S/Alushta
2002/EXT 2003 (37)}) 13. Nxd6 Rd8 14. Nxc8 Raxc8 (14... Rxd2 15. Nxe7+ Kf8 16.
Rxd2 Kxe7 17. Rd5 $18 Nd7 18. Be2 $16 {1-0 Van der Wiel-Van der Sterren/
Nederland 1983 (21)}) 15. Qe1 (15. Qe2 $2 b5 16. Rxd8+ Rxd8 17. Bd2 $1 $146 (
17. Bxc5 $2 Bxc5 18. Qxe5 Bxa3 $1 $17 {1/2-1/2 Baciu,O-Ionescu Brandis,I/
Bucharest 1998/EXT 99/[Marin,M] (30)}) 17... Ng6 18. Kb1 b4 19. cxb4 cxb4 20.
axb4 Bxb4 21. Bc1 $1 Be7 22. g3 Qd5 23. Rg1 a5 24. Bg2 Qd6 25. Qb5 $16 {
1-0 Volokitin,A-Kozakov,M/Lvov 2001/CBM 87/[Huzman] (42)}) 15... b5 (15...
Rxd1+ 16. Qxd1 Rd8 17. Qe1 b5 18. Bd2 Bf6 19. f4 Nc6 20. Bd3 g6 21. Qe4 Qb6 22.
Qe3 a5 23. Rd1 b4 24. cxb4 axb4 25. a4 Nd4 26. b3 Qc6 {1/2-1/2 Forchert,
N-Raetsky,A/Germany 1996/EXT 98 (26)}) 16. Rxd8+ Rxd8 17. Be2 Qa4 18. f4 Nc6
19. Kb1 b4 20. cxb4 cxb4 21. b3 Qxa3 22. Bc1 Qa5 23. Bb2 Bc5 24. Bc4 Bd4 25.
Bxd4 Nxd4 26. Qe7 Nxc2 {1/2-1/2 Rohl Montes,J-Bick,J/Willemstad 2003/EXT 2004 
(26)}) (10. Kb1 a6 11. Be2 Be6 12. Nd4 Nc4 13. Qd3 Nxe3 14. Nxe6 fxe6 15. Qxe3
e5 16. Bd3 $36 {1-0 Anand,V-Kramnik,V/Monte Carlo MNC 2005/(52)}) (10. h4 Bg4
11. Be2 Qc8 12. b3 Re8 13. Kb1 Bf8 14. h5 a6 15. Rde1 b5 $132 {1/2-1/2 Topalov,
V-Kramnik,V/Sofia BUL 2005/(52)}) 10... Ng4 $1 {Black uses the possibility to
exchange the dark-squared bishop.} (10... Be6 11. Nd4 Bxa2 12. b3 a5 13. Kb2 a4
14. Ra1 $18 {1-0 Annageldyev,O-Skatchkov,P/Alushta UKR 2005/(35)}) (10... Bf5
11. Nd4 Qd7 12. h3 Rfe8 13. Kb1 a6 14. Nxf5 Qxf5 15. f4 Bh4 16. g3 Bf6 17. Rde1
Ng6 18. g4 Qe6 19. Bd3 $16 {1-0 Szell,L-Skyva,Z/Harrachov 1970/EXT 2005 (42)})
11. Bd4 (11. Bd3 Nxe3 12. Qxe3 Re8 13. Kb1 Bf6 14. Qf4 Bd7 15. g4 Bc6 16. Rhg1
Be5 $11 {0-1 Gheorghe,C-Ionescu Brandis,I/Eforie Nord 2002/EXT 2003 (35)}) (11.
Rhe1 Nxe3 12. Qxe3 Bf6 (12... Re8 $5 13. Kb1 Bf6 14. Qf4 Be6 $11) 13. Bd3 (13.
h4 Bg4 14. g3 Qd7 15. Qf4 Qf5 $11 {1/2-1/2 Berg,P-Schuster,T/Germany 1989/GER 
(23)}) 13... g6 14. Qf4 Bd7 15. h4 h5 16. Ng5 $36 {1/2-1/2 Blohm,D-Snyder,L/
San Francisco 2001/EXT 2002 (25)}) 11... c5 12. h3 $5 {White fights for the
initiative and decides to sacrifice his h-pawn to open this file.} (12. Be3 Be6
13. Kb1 Qa5 14. c4 Qa6 $15 {[%cal Yb7b5]}) 12... cxd4 13. hxg4 dxc3 14. Qxc3
Bxg4 15. Bd3 (15. Qd3 $5 g6 (15... h6 16. Qe4 $44 {[%cal Ge2d3]}) (15... h5 16.
Nd4 Bxe2 17. Nxe2 g6 18. Nc3 $44) 16. Qe3 h5 17. Bc4 Qc7 18. Bd5 $44) 15... h5
$1 {[%mdl 288] Black finds the correct defensive plan -Bg4 and pawn h5 stop
the development of White's initiative on the h-file.} 16. Qc4 (16. Qb4 Re8 (
16... d5 17. Qxg4 hxg4 18. Bh7+ $11) 17. Qxb7 $6 Rb8 18. Qa6 Bg5+ $1 19. Kb1
Bf6 20. b3 Qc7 21. Qc4 Qa5 $40) 16... Re8 (16... d5 17. Bh7+ Kh8 18. Rxd5 $16)
17. Bh7+ (17. Qd5 Bf6 18. c3 Rc8 $17) (17. Qf4 Qb6 $15) 17... Kf8 (17... Kxh7
$2 18. Qxg4 g6 19. Rd5 $40) 18. Qf4 Qb6 19. c3 Bf6 (19... Qxf2 20. Bg6 (20.
Rhf1 g5 $8 (20... Qc5 21. Qxf7+ $3 Kxf7 22. Ng5#)) 20... Bg5 (20... Bf6 21.
Bxh5 $44) 21. Qxg5 fxg6 22. Rhf1 Qe3+ 23. Qxe3 Rxe3 24. Ne5+ Ke7 25. Rf7+ Ke6
26. Nxg4 Rg3 27. Rxb7 Rxg4 28. Rd2 $11) 20. Rxd6 Qxf2 21. Rxf6 $1 {[%mdl 128]
Finally White destroys the position of the Kf8.} gxf6 22. Qxf6 $6 ({White
receives full compensation for the sacrifised material after} 22. Qh6+ Ke7 23.
Re1+ (23. Qf4 Rac8 $17) 23... Be6 (23... Kd7 24. Rd1+ Kc8 25. Qxf6 Qe3+ 26. Kb1
Qe7 27. Qf4 $44) 24. Bf5 $1 (24. Qf4 Rac8 25. Bf5 (25. Qb4+ Qc5 26. Qxb7+ Kf8
$17) 25... Rc4 $17) (24. Qxh5 Rh8 25. Qb5 Qb6 $17) 24... Rad8 25. Bxe6 fxe6 26.
Qg7+ Kd6 27. Qxb7 $13) 22... Qe3+ $1 (22... Bxf3 23. Qh6+ Ke7 24. gxf3 Rad8 (
24... Qxf3 25. Rd1 Rad8 26. Qg5+ f6 27. Qc5+ Ke6 28. Qc4+ Rd5 29. Bc2 $44) 25.
Qxh5 $11) 23. Kb1 Rad8 $1 24. a3 (24. Nd4 Qe5 25. Qf2 Kg7 26. Bc2 Rd6 $15) (24.
Ng5 $140 $4 Qe1+ $1 25. Rxe1 Rxe1+ 26. Kc2 Bd1+ 27. Kb1 Bb3#) 24... Qe6 25. Qf4
Kg7 26. Bc2 Qf6 (26... Qh6 27. Qc7 (27. Qg3 Re3 $17) 27... Rd7 28. Qg3 Re3 $17)
27. Qg3 Kf8 (27... Qd6 $5 28. Qh4 Qf4 29. Nd4 Rd5 $17 {[%cal Yd5e5]}) 28. Nd4
Re5 $1 $17 29. Bb3 Rde8 30. Ka2 a6 31. Rc1 Kg7 32. Rc2 Re3 33. Qh2 Qe5 (33...
Bd1 34. Rd2 Bxb3+ 35. Kxb3 h4 $17) 34. Qh4 f6 35. Rf2 Re4 36. g3 Re7 $2 (36...
Bd1 $1 37. Qh1 (37. Qh2 Rxd4 38. cxd4 Bxb3+ 39. Kxb3 Qd5+ 40. Kc2 Qc4+ $19) (
37. Rf4 Bxb3+ 38. Nxb3 (38. Kxb3 Qd5+ 39. Kc2 Re2+ $19) 38... Rxf4 39. gxf4 Qd5
$19) (37. Nf5+ Kh7 $19) 37... Rxd4 $2 38. Bxd1 (38. cxd4 Bxb3+ 39. Kxb3 Qe3+
$19) 38... Qd5+ $18) 37. Qh2 Re1 38. Rf4 Re4 39. Rf2 Qg5 40. Bc2 Qd5+ 41. Bb3
Qc5 42. Bc2 Re1 43. Rf5 $1 R1e5 (43... Bxf5 44. Nxf5+ Kf8 45. Qxh5 $1 $44) (
43... Qc4+ 44. Bb3 Qxd4 $1 45. cxd4 Bxf5 46. a4 b5 $1 $17) 44. Rf4 {[%cal
Gf4g4]} Be6+ 45. Bb3 (45. Ka1 $5 Re1+ 46. Bb1 Bg4 (46... Qd5 47. c4 Qxc4 48.
Nxe6+ Qxe6 49. Qxh5 $132) 47. Qc2 $132) 45... Bxb3+ 46. Kxb3 (46. Nxb3 Qd5 $17)
46... Re4 $2 (46... Kg8 $1 47. Kc2 (47. Rxf6 Re2 $1 48. Qh1 (48. Nxe2 Qb5+ $19)
(48. Qh3 Qd5+ 49. Ka4 Qc4+ 50. b4 b5+ 51. Ka5 Qc7+ 52. Rb6 (52. Kxa6 R2e5 $19)
52... Ra2 $19) 48... R7e4 $1 49. Nxe2 Qd5+ $1 50. Kc2 Rxe2+ $19) 47... Re4 48.
Qh4 Qe5 $17) 47. Rf5 Qb6+ (47... R4e5 48. Qxh5 Qd5+ 49. Kc2 Qe4+ 50. Kb3 $44)
48. Kc2 Rxd4 $1 (48... R7e5 49. Qxh5 $11) 49. Rxh5 $1 {[%mdl 256]} (49. cxd4
Qxd4 50. Rxh5 Qc4+ $19) 49... Rd6 50. Rh7+ Kf8 51. Rh8+ Kf7 52. Qh5+ Ke6 53.
Qg4+ f5 54. Qc4+ Ke5 (54... Kf6 55. Qh4+ $11) 55. Qf4+ Ke6 56. Qc4+ Ke5 57.
Qf4+ Ke6 (57... Kd5 $2 58. Qxf5+ Re5 (58... Kc6 59. Rc8+ Rc7 60. Qe4+ Rd5 61.
Rxc7+ Qxc7 62. c4 $18) 59. Qf3+ Kc5 60. b4+ Kb5 61. c4+ Kxc4 62. Qb3+ Kb5 63.
a4+ Kc6 64. Qc4+ Rc5 65. Rc8+ Kd7 66. Rxc5 $18) 58. Qc4+ 1/2-1/2

[Event "Dortmund SuperGM 33rd"]
[Site "Dortmund"]
[Date "2005.07.14"]
[Round "6"]
[White "Adams, Michael"]
[Black "Nielsen, Peter Heine"]
[Result "1-0"]
[WhiteElo "2719"]
[BlackElo "2668"]
[Annotator "Huzman,A"]
[PlyCount "53"]
[EventDate "2005.07.07"]
[EventType "tourn"]
[EventRounds "9"]
[EventCountry "GER"]
[EventCategory "19"]
[SourceTitle "CBM 108"]
[Source "ChessBase"]
[SourceDate "2005.09.26"]
[SourceVersion "1"]
[SourceVersionDate "2005.09.26"]
[SourceQuality "1"]

1. e4 e5 2. Nf3 Nf6 3. Nxe5 d6 4. Nf3 Nxe4 5. Nc3 Nxc3 6. dxc3 Be7 7. Be3 Nc6
8. Qd2 Be6 9. O-O-O Qd7 10. h4 $5 {This move is connected with the idea to
take with the pawn h4 after exchanging on g5.} (10. Kb1 a6 (10... O-O-O 11. Nd4
Rhf8 12. Bb5 Bd5 13. f3 a6 14. c4 Bxf3 15. Nxf3 axb5 16. cxb5 Nb8 17. Qd3 $16 {
1-0 Ushakova,I-Jousopkanova,S/St Lorenzo 1995/Juniors (46)}) 11. h3 h6 12. g4
O-O-O 13. Bg2 f5 14. g5 Ne5 15. b3 Nxf3 16. Bxf3 f4 17. Bxf4 hxg5 18. Bxg5 Bxg5
19. Qxg5 Rxh3 $11 {1-0 Bologan,V-Charbonneau,P/Edmonton CAN 2005/(44)}) (10.
Nd4 Nxd4 11. Bxd4 Qa4 12. a3 Bf5 13. Re1 Kd7 14. Rxe7+ Kxe7 15. Bxg7 $18 {
1/2-1/2 Sciortino,M-Bondielli,G/Porto San Giorgio 2001/EXT 2002 (53)}) (10. Ng5
Bxg5 11. Bxg5 f6 12. Be3 O-O-O 13. b3 Rhe8 14. h3 Bf5 15. Kb2 Kb8 16. Be2 Be4
17. Rhg1 Re7 18. g4 Rde8 $11 {1/2-1/2 Smirnov,P-Carlsen,M/Warsaw POL 2005/(27)}
) 10... h6 (10... O-O-O 11. Ng5 Bxg5 (11... Rhe8 12. Nxe6 Qxe6 13. Kb1 $14) 12.
hxg5 $14) 11. Kb1 O-O-O 12. Nd4 $1 (12. Bb5 a6 13. Ba4 b5 14. Bb3 Bxb3 15. axb3
d5 $11 (15... Qf5 16. Nd4 $14)) 12... Nxd4 (12... a6 13. Nxe6 fxe6 (13... Qxe6
14. g3 $14) 14. g3 $14) 13. Bxd4 (13. Qxd4 c5 14. Qd3 (14. Qf4 Bg5 $1 15. Qg3
Bxe3 16. Qxe3 Rhe8 $11) (14. Qxg7 $4 Rdg8 $19) 14... d5 $11) 13... Rhg8 14. h5
{[%csl Rg7,Rh6]} c5 (14... Qa4 $5 15. c4 (15. b3 Qa5) 15... c5 16. b3 Qc6 17.
Bb2 d5 $11) 15. Be3 Qc6 16. f3 Rge8 17. Bd3 d5 $11 18. Qf2 Qc7 {Black starts
to play without plan and White seizes an initiative on the king's side.} (18...
d4 19. cxd4 cxd4 20. Bc1 $11) 19. g4 Kb8 20. Rhg1 Bd6 (20... Qa5 21. Bf5 (21.
Bf4+ Ka8 22. Qh2 d4 23. c4 $14) 21... d4 22. Bf4+ Bd6 23. Bxd6+ Rxd6 $11) 21.
f4 f6 22. Qf3 Bf7 $2 (22... Re7 23. Bg6 Bg8 24. Rg2 $14) 23. Bg6 $16 {[%mdl 32]
After exchanging the light-squared bishops the weakness of the pawn d5 became
a decisive factor in the assesment of the position.} Bxg6 24. hxg6 Qc6 25. Bc1
Bf8 (25... Re4 26. Rge1 Rde8 27. Rxe4 Rxe4 (27... dxe4 28. Qe2 c4 29. f5 $16))
26. f5 $1 Re4 $4 {[%mdl 8192]} (26... d4 27. Qxc6 bxc6 28. Rge1 Rxe1 (28...
dxc3 29. Rxe8 Rxe8 30. Rd7 $16) 29. Rxe1 Bd6 30. cxd4 cxd4 31. Re6 $16) 27.
Qxe4 1-0

[Event "Dortmund SuperGM"]
[Site "Dortmund"]
[Date "2001.07.16"]
[Round "5"]
[White "Anand, Viswanathan"]
[Black "Kramnik, Vladimir"]
[Result "1/2-1/2"]
[WhiteElo "2794"]
[BlackElo "2802"]
[Annotator "Huzman,A"]
[PlyCount "33"]
[EventDate "2001.07.12"]
[EventType "tourn"]
[EventRounds "10"]
[EventCountry "GER"]
[EventCategory "21"]
[SourceTitle "CBM 085"]
[Source "ChessBase"]
[SourceDate "2001.11.13"]
[SourceVersion "1"]
[SourceVersionDate "2001.11.13"]
[SourceQuality "1"]

1. e4 e5 2. Nf3 Nf6 3. Nxe5 d6 4. Nf3 Nxe4 5. d4 d5 6. Bd3 Nc6 7. O-O Be7 8. c4
Nf6 9. Nc3 O-O 10. Re1 Be6 11. c5 Bg4 12. Be2 (12. Be3 Re8 (12... Bxc5 13. dxc5
d4 14. Bxd4 (14. Bd2 dxc3 15. Bxc3 Nd5 16. Rc1 Nf4 17. Be4 Qxd1 18. Rcxd1 Rfe8
19. h3 Bh5 20. Rd7 Bxf3 21. Bxf3 Rxe1+ 22. Bxe1 Ne5 23. Bxb7 Nxd7 24. Bxa8 $16
{1/2-1/2 Computer \-Computer \/It (open) Debrecen (Hungary) 1998 (69)}) 14...
Nxd4 15. Bxh7+ Nxh7 16. Qxd4 Bxf3 17. Qxd8 Rfxd8 18. gxf3 Ng5 19. Re7 Rac8 20.
Re3 Rd2 21. Ne4 {1/2-1/2 Short,N-Smyslov,V/Hastings 1988/CBM 11 (21)}) 13. h3
Bh5 14. g4 Bg6 15. Bb5 Bf8 16. Bxc6 bxc6 17. Ne5 Ne4 18. Nxc6 Qh4 19. Qf3 Nxc3
20. bxc3 Be4 21. Qg3 Qxg3+ 22. fxg3 a5 {1/2-1/2 Zuckerman,B-Soltis,A/Chicago
1974/MCD (22)}) 12... Ne4 (12... Re8 13. h3 (13. Ne5 Nxe5 14. dxe5 Bxe2 15.
Rxe2 Nd7 16. Nxd5 Bxc5 17. b4 c6 18. bxc5 cxd5 $15) 13... Bh5 14. Be3 Ne4 15.
Qb3 Nxc3 16. bxc3 Rb8 $11) 13. Be3 (13. Bf4 Bf6 14. h3 Bxf3 15. Bxf3 Bxd4 16.
Nxe4 dxe4 17. Bxe4 Qf6 $11) 13... Bf6 14. h3 (14. Qb3 Nxc3 15. bxc3 Rb8 $11)
14... Bh5 15. Qa4 Re8 16. Rad1 a6 17. a3 (17. a3 Ng3 18. fxg3 (18. Bd3 Bxf3 19.
gxf3 Nh5) 18... Rxe3 19. g4 Bg6 20. Qb3 Be4 21. g5 $1 (21. Qxb7 Qe8 22. Kf1 Rb8
23. Qxa6 Rxb2 24. Nxe4 dxe4 25. Bb5 exf3 26. Bxc6 Bxd4 27. Rxe3 fxg2+ 28. Bxg2
Rf2+ $1 29. Kg1 Bxe3 30. Kh1 Rxg2 $1 31. Kxg2 Qe4+ $19) 21... Bxf3 (21... Bxg5
22. Nxg5 Qxg5 23. Nxe4 Rxe4 24. Qxb7 $18) 22. gxf6 Bxe2 (22... Be4 23. Qxb7 Na5
24. Qb4 Nc6 25. Qa4 Qxf6 26. Nxe4 Rxe4 27. Bf3 Rxe1+ 28. Rxe1 Qxd4+ 29. Qxd4
Nxd4 30. Bxd5 $16) 23. Rxe2 Rxe2 24. Nxe2 Qxf6 25. Qxb7 Re8 (25... Rb8 26. Qxc7
Rxb2 27. Qc8+ Nd8 28. Rf1 Qe7 29. Nf4 $16) 26. Nc3 Rb8 27. Qxc7 Rxb2 28. Qc8+
Nd8 29. Kh1 Qg5 30. Qg4 $16) 1/2-1/2